[Event "Biel MTO op"]
[Site "Biel"]
[Date "2002.07.23"]
[Round "2"]
[White "Vovsha, Eli"]
[Black "Kuzmin, Alexey"]
[Result "1/2-1/2"]
[WhiteElo "2402"]
[BlackElo "2582"]
[PlyCount "85"]
[EventDate "2002.07.22"]
[EventType "swiss"]
[EventRounds "11"]
[EventCountry "SUI"]
[SourceTitle "EXT 2003"]
[Source "ChessBase"]
[SourceDate "2002.11.25"]
[SourceVersion "1"]
[SourceVersionDate "2002.11.25"]
[SourceQuality "1"]

1. e4 e5 2. Nf3 Nc6 3. Bb5 a6 4. Ba4 Nf6 5. 0-0 Be7 6. Re1 b5 7. Bb3 0-0 8. a4 Bb7 9. d3 d6 10. Nbd2 Qd7 11. Nf1 Nd8 12. Ng3 Ne6 13. c3 c5 14. d4 exd4 15. cxd4 d5 16. e5 Ne4 17. dxc5 N4xc5 18. Nf5 Nxb3 19. Nxe7+ Qxe7 20. Qxb3 Qd7 21. Bd2 d4 22. axb5 axb5 23. Qd3 Rfe8 24. Rxa8 Bxa8 25. Ng5 Nf8 26. Qg3 Qf5 27. f3 Ng6 28. e6 fxe6 29. Nxe6 Rxe6 30. Rxe6 Qxe6 31. Qb8+ Kf7 32. Qxa8 Ne7 33. Kf2 Qb3 34. Qa1 Nc6 35. Kg3 Qc2 36. Qa2+ Kf6 37. Qd5 Qg6+ 38. Kf2 Qc2 39. Kg3 Qxd2 40. Qxc6+ Ke7 41. Qc7+ Ke6 42. Qc6+ Ke7 43. Qc7+ 1/2-1/2

[Event "Oberwart op"]
[Site "Oberwart"]
[Date "2002.07.11"]
[Round "7"]
[White "Loginov, Valery A"]
[Black "Kuzmin, Alexey"]
[Result "0-1"]
[WhiteElo "2526"]
[BlackElo "2582"]
[PlyCount "74"]
[EventDate "2002.07.05"]
[EventType "swiss"]
[EventRounds "9"]
[EventCountry "AUT"]
[SourceTitle "CBM 089 Extra"]
[Source "ChessBase"]
[SourceDate "2002.09.10"]
[SourceVersion "2"]
[SourceVersionDate "2002.09.10"]
[SourceQuality "1"]

1. Nf3 Nf6 2. g3 g6 3. c4 Bg7 4. Bg2 0-0 5. d4 d6 6. 0-0 Nc6 7. Nc3 a6 8. Bg5 h6 9. Bd2 Rb8 10. Rc1 e5 11. d5 Nd4 12. Ne1 Qe7 13. e3 Nf5 14. Qc2 Bd7 15. b4 Rfe8 16. Ne4 Nxe4 17. Bxe4 h5 18. Nd3 h4 19. c5 Nh6 20. Qb3 Bh3 21. Rfe1 Qg5 22. b5 Nf5 23. Bg2 Bxg2 24. Kxg2 hxg3 25. hxg3 Nh4+ 26. Kf1 Nf3 27. Red1 Qg4 28. b6 cxb6 29. cxd6 Rbd8 30. Qxb6 e4 31. Nc5 Qh3+ 32. Ke2 Qh5 33. Kf1 Nxd2+ 34. Rxd2 Qh1+ 35. Ke2 Qxc1 36. d7 Rf8 37. Nxe4 Rxd7 0-1

[Event "Oberwart op"]
[Site "Oberwart"]
[Date "2002.07.10"]
[Round "6"]
[White "Kuzmin, Alexey"]
[Black "Moser, Eva"]
[Result "1-0"]
[WhiteElo "2582"]
[BlackElo "2335"]
[PlyCount "55"]
[EventDate "2002.07.05"]
[EventType "swiss"]
[EventRounds "9"]
[EventCountry "AUT"]
[SourceTitle "CBM 089 Extra"]
[Source "ChessBase"]
[SourceDate "2002.09.10"]
[SourceVersion "2"]
[SourceVersionDate "2002.09.10"]
[SourceQuality "1"]

1. d4 e6 2. c4 f5 3. Nf3 Nf6 4. g3 d6 5. Bg2 Be7 6. 0-0 0-0 7. Nc3 Qe8 8. b3 Qh5 9. Bb2 Nbd7 10. Re1 Ne4 11. Nd2 Nxc3 12. Bxc3 Qh6 13. e4 f4 14. e5 dxe5 15. Nf3 exd4 16. Nxd4 Nf6 17. Nf5 exf5 18. Rxe7 fxg3 19. fxg3 f4 20. Qd2 Nh5 21. Bf3 Nf6 22. gxf4 c6 23. Kh1 Bf5 24. Rxb7 Rad8 25. Qg2 Rd3 26. Bxf6 Qxf6 27. Rg1 Rxf3 28. Rxg7+ 1-0